000 00488nam a2200181Ia 4500
003 GCL
008 140319s9999 xx 000 0 aFre d
020 _a286391372
040 _aGCL /
_cGCL
082 0 4 _a920
_bD F
100 1 _aDECHAVANNE, CHRISTOPHE
245 1 0 _aLA FIEVRE DU MARDI SOIR /
_cDECHAVANNE, CHRISTOPHE
260 _aفرنسا :
_bEDITIONS AGUER ،
_c1991
300 _a24 CM ؛
_c177 P
650 0 4 _aAUTOBIOGRAPHY
650 0 4 _aDECHAVANNE, CHRISTOPHE
942 _2ddc
_cBK
999 _c684
_d684